Michigans U.P. Trivia Quiz Stats

 Plays Quiz not verified by Sporcle

Score 0/13 Timer 02:00
0 Plays Today
Michigan Upper Peninsula % Correct
What is the largest city in the UPMarquette
87.4%
Residents of the upper peninsula are refered to asYoopers
87.4%
What Great Lake touchs lower Michigan, but not the UPErie
74.3%
What cornish dish was very popular in the UPPasty
68%
What was going to be the name of the UP if it had become its own stateSuperior
59.1%
What was the name of the Jeff Daniels movie released in 2001, based in the UPEscanaba in da Moonlight
53.2%
What is the oldest city in the UPSault Ste. Marie
51.7%
What year was the Mackinaw Bridge completed1957
51.3%
What year did the Edmond Fitzgerald sink1975
50.2%
The Italian Hall disaster took place in what UP town on Christmas Eve, 1913Calumet
40.5%
The state of Michigan recieved the western portion of the UP from what warToledo War
33.5%
Who founded Sault Ste. MarieFather Marquette
22.7%
What is the largest inland lake located in the UPLake Gogebic
18.6%

You're not logged in!

Compare scores with friends on all Sporcle quizzes.
OR
Log In

Show Comments

Extras

Top Quizzes Today


Score Distribution

Your Account Isn't Verified!

In order to create a playlist on Sporcle, you need to verify the email address you used during registration. Go to your Sporcle Settings to finish the process.

Report this User

Report this user for behavior that violates our Community Guidelines.

Details: